000 00769cab a2200253 4500
001 ABS54704
008 090401t1996 xxu||||| |||| 00| 0 eng d
035 _a(Sirsi) u11881
041 _aeng
100 _aCirrel, S.
245 _aCompulsory competitive tendering
260 _c1996
350 _a0
490 _aMunicipal Journal
_v(11) 15 March 1996, 18-19
520 _aA two part article reviewing the draft DoE Circular setting down guidance on CCT and anti-competitive issues which will replace DoE Circular 10/93.
650 _aCCT
650 _aCOMPULSORY COMPETITIVE TENDERING
650 _aDOE CIRCULAR 10/1993
650 _aDRAFT DOE CIRCULARS
690 _aECONOMIC AND SOCIAL
700 _aBennett, J.
942 _n0
948 _c04/03/1997
999 _c7592
_d7592